A common humanity: thinking about love and truth and justice (Record no. 396380)

000 -LEADER
fixed length control field 00297cam a22000977a 4500
008 - FIXED-LENGTH DATA ELEMENTS--GENERAL INFORMATION
fixed length control field 180718b2000 xxu||||| |||| 00| 0 eng d
100 ## - MAIN ENTRY--PERSONAL NAME
Personal name Gaita, Raimond
245 ## - TITLE STATEMENT
Title A common humanity: thinking about love and truth and justice
Statement of responsibility, etc. by Raimond Gaita
260 ## - PUBLICATION, DISTRIBUTION, ETC.
Place of publication, distribution, etc. London
Name of publisher, distributor, etc. Routledge
Date of publication, distribution, etc. 2000
300 ## - PHYSICAL DESCRIPTION
Extent 328p.
Holdings
Withdrawn status Lost status Damaged status Not for loan Permanent Location Current Location Date acquired Full call number Barcode Date last seen Price effective from Koha item type
        Indian Institute of Public Administration Indian Institute of Public Administration 2001-09-11 AA7 G129 76933 2018-07-21 2018-07-21 Book

Powered by Koha